The rise of the network society

This book is an account of the economic and social dynamics of the new age of information. Based on research in the USA, Asia, Latin America, and Europe, it aims to formulate a systematic theory of the information society which takes account of the fundamental effects of information technology on th...

Disgrifiad llawn

Wedi'i Gadw mewn:
Manylion Llyfryddiaeth
Prif Awdur: Castells, Manuel
Fformat: Llyfr
Iaith:Undetermined
Cyhoeddwyd: Cambridge, MA Blackwell Publishers Inc. 1996
Pynciau:
Tagiau: Ychwanegu Tag
Dim Tagiau, Byddwch y cyntaf i dagio'r cofnod hwn!
Thư viện lưu trữ: Trung tâm Học liệu Trường Đại học Cần Thơ
LEADER 01037nam a2200217Ia 4500
001 CTU_219478
008 210402s9999 xx 000 0 und d
020 |c 1.99 
082 |a 303.4833 
082 |b C348 
100 |a Castells, Manuel 
245 4 |a The rise of the network society 
245 0 |c Manuel Castells 
260 |a Cambridge, MA 
260 |b Blackwell Publishers Inc. 
260 |c 1996 
520 |a This book is an account of the economic and social dynamics of the new age of information. Based on research in the USA, Asia, Latin America, and Europe, it aims to formulate a systematic theory of the information society which takes account of the fundamental effects of information technology on the contemporary world. 
650 |a Công nghệ thông tin,Information technology,Information technology,Công nghệ thông tin 
650 |x Khía cạnh xã hội,Economic aspects,Social aspects,Khía cạnh kinh tế 
904 |i Hải 
980 |a Trung tâm Học liệu Trường Đại học Cần Thơ